=LDR 00000nam 2200000 4500 =001 INLIS000000000046562 =005 20150409104459.0 =006 =007 =008 =035 ##$$0010-041500000000044 =082 ##$$a 372.7 =090 ##$$a 372.7 tim b =100 ##$$a tim mat th eduka =245 ##$$a pocket book =260 ##$$a kawah media =300 ##$$a 250 hlm. ; 14,5 cm. =850 ##$$a NPBMAT =990 ##$$a 0001/BPAP-NTB/20142015